000 01049nam0a2200289 4500
001 RU\NLR\bibl\498175
005 20250623201020.0
010 _a5-8360-0431-5
_9450
035 _a(NLR Aleph) 000490794
090 _a1112288
_c1112288
100 _a20040309d2002 |||y0rusy50 ca
101 0 _arus
102 _aRU
105 _ay |||||||||
200 1 _aКоммуникативное, следовательно, коммуникационное
_fС.В. Лещев
_gРос. акад. естеств. наук
210 _aМ.
_cУРСС
_d2002
215 _a171 с.
_d20
320 _aБиблиогр.: с. 165-169 (102 назв.) и в подстроч. примеч.
606 0 _aКоммуникации теория
_xФилософские основы
_92281073
_3RU\NLR\auth\661366655
686 _aЮ251.402
686 _aС550.74
700 1 _aЛещев
_bС. В.
_gСергей Валерьевич
_4070
801 0 _aRU
_bNLR
_c20040309
_gPSBO
801 1 _aRU
_bNLR
_c20040309
942 _cBOOK
980 _aNB